009320000a22002410004500090001400000245012000014650002000134650003600154650002100190650002600211651004900237653002400286653003000310653003300340653003800373041001300411700002900424100002700453942001300480773002500493999001700518952015500535 aARb0382710aNeotropical primatessaspects of habitat usage, population density, and regional distribution in La Marena,Colombia14aPrimates99293814aEcología de poblaciones9355714aHábitat99250614aDistribución992865 4lSierra de La MacarenadMetapColombia992749 gCebuseCebus apella gSaimirieSaimiri sciureus gAlouattaeAlouatta seniculus gLagothrixeLagothrix lagothrichia0 aInglés1 aKlein, Dorothy J.9976451 aKlein, Lewis L.997646 cARTICULO1 tPreprintq1-30d1972 c12862d12862 001040718HEMEROTECAaBogotabBogotad2015-02-27hFuera de circulaciónl0oAR 03827p017369r2015-03-25 00:00:00w2015-03-25xDonaciónyARTICULO